[Event "Eastern Asia-ch U16"]
[Site "Tornelo INT"]
[Date "2021.10.31"]
[Round "7"]
[White "Hardik, Madan"]
[Black "Villa, Robick Vohn K"]
[Result "0-1"]
[WhiteElo "1130"]
[BlackElo "1559"]
[PlyCount "140"]
[EventDate "2021.10.29"]
[EventType "swiss"]
[EventRounds "9"]
[EventCountry "NET"]
[SourceTitle "CBM 205 Extra"]
[Source "ChessBase"]
[SourceDate "2022.01.31"]
[SourceVersion "1"]
[SourceVersionDate "2022.01.31"]
[SourceQuality "1"]

1. e4 c6 2. Nc3 d5 3. d4 dxe4 4. Nxe4 Nd7 5. Qe2 Ndf6 6. c3 Nxe4 7. Qxe4 Nf6 8. Qd3 Bg4 9. Nf3 e6 10. Bf4 Bd6 11. Ne5 Bf5 12. Qd2 Qc7 13. Nd3 Bxd3 14. Bxd6 Qxd6 15. Bxd3 0-0-0 16. 0-0-0 h6 17. Rhe1 Qxh2 18. g3 Qg2 19. Qf4 Qd5 20. Kb1 Rhe8 21. Re5 Qd6 22. Qf3 Re7 23. Bc4 Kb8 24. Rde1 Nd7 25. R5e3 c5 26. Rd1 Nb6 27. Bf1 Qd5 28. Qg4 Qg5 29. Qe4 Red7 30. Bg2 Qf5 31. Qxf5 exf5 32. Re5 cxd4 33. Rxf5 d3 34. b3 Re8 35. Bf3 g6 36. Rf4 f5 37. Rd4 Red8 38. R1xd3 Rxd4 39. Rxd4 Rxd4 40. cxd4 Kc7 41. Kc2 Nd7 42. Bd5 b6 43. Kd3 Kd6 44. Bg2 Nf6 45. Bf3 Nd5 46. a3 Nf6 47. Kc4 Ne4 48. Bxe4 fxe4 49. d5 Ke5 50. d6 Kxd6 51. Kd4 e3 52. fxe3 h5 53. Ke4 Ke6 54. Kf4 Kf6 55. g4 g5+ 56. Kf3 h4 57. b4 Ke5 58. b5 Kd5 59. a4 Ke5 60. Ke2 Ke4 61. Kf2 h3 62. Kg3 Kxe3 63. Kxh3 Kf3 64. Kh2 Kxg4 65. Kg2 Kf4 66. Kf2 Ke4 67. Kg3 Kd4 68. Kg4 Kc4 69. Kxg5 Kb4 70. Kf6 Kxa4 0-1